00318nam a22001097a 4500020001800000040000900018082001400027100002000041245004100061260003700102650006900139 a9781617295454 cNUST a006.3 MOR aMorales, Miguel aGrokking Deep Reinforcement Learning aShelter Island;bManning,c2020. aArtificial intelligence. Computer programming. Python.NUSTTB2022